[Event "IIFL WEALTH VI Under-13 2021"]
[Site "Mumbai"]
[Date "2022.01.02"]
[Round "4.4"]
[White "Gaikwad Manas"]
[Black "Raghu Ram Reddy Seelam"]
[Result "1/2-1/2"]
[WhiteElo "1243"]
[BlackElo "1712"]
[Annotator "NA RC"]
[PlyCount "60"]
[EventDate "2021.12.30"]
[EventType "swiss"]
[EventCountry "IND"]
[SourceTitle "playchess.com"]
[Source "ChessBase"]
[SourceQuality "1"]
[TimeControl "5400+30"]

1. e4 {[%emt 0:00:10]} e5 {[%emt 0:00:13]} 2. Nf3 {[%emt 0:00:12]} Nc6 {[%emt 0:00:09]} 3. Bc4 {[%emt 0:00:25]} Bc5 {[%emt 0:00:25]} 4. c3 {[%emt 0:00:24]} Nf6 {[%emt 0:00:15]} 5. d3 {[%emt 0:02:03]} a6 {[%emt 0:01:51]} 6. Bb3 {[%emt 0:00:35]} h6 {[%emt 0:01:10]} 7. Nbd2 {[%emt 0:00:46]} d6 {[%emt 0:00:24]} 8. h3 {[%emt 0:00:10]} Ba7 {[%emt 0:00:47]} 9. Nf1 {[%emt 0:01:03]} Be6 {[%emt 0:05:42]} 10. Ng3 {[%emt 0:03:00]} Qd7 {[%emt 0:12:40]} 11. Nh4 {[%emt 0:05:20]} g6 {[%emt 0:09:46]} 12. Be3 {[%emt 0:01:39]} O-O-O {[%emt 0:10:54]} 13. Ba4 {[%emt 0:15:53]} Qe7 {[%emt 0:12:32]} 14. Bxc6 {[%emt 0:08:06]} Bxe3 {[%emt 0:00:08]} 15. Bxb7+ {[%emt 0:00:13]} Kxb7 {[%emt 0:00:05]} 16. fxe3 {[%emt 0:00:12]} Nxe4 {[%emt 0:12:07]} 17. Nxg6 {[%emt 0:04:58]} Qg5 {[%emt 0:02:11]} 18. Nxe4 {[%emt 0:00:41]} Qxe3+ {[%emt 0:02:49]} 19. Qe2 {[%emt 0:01:19]} Qxe2+ {[%emt 0:00:01]} 20. Kxe2 {[%emt 0:00:15]} fxg6 {[%emt 0:00:01]} 21. Rhf1 {[%emt 0:00:40]} Rhf8 {[%emt 0:00:46]} 22. b3 {[%emt 0:00:58]} Kc6 {[%emt 0:01:18]} 23. Rxf8 {[%emt 0:01:07]} Rxf8 {[%emt 0:00:01]} 24. Rf1 {[%emt 0:00:34]} Rxf1 {[%emt 0:00:12]} 25. Kxf1 {[%emt 0:00:07]} a5 {[%emt 0:00:29]} 26. Nd2 {[%emt 0:03:53]} a4 {[%emt 0:02:01]} 27. Ke2 {[%emt 0:00:20]} axb3 {[%emt 0:00:41]} 28. axb3 {[%emt 0:00:08]} Bd5 {[%emt 0:02:45]} 29. g4 {[%emt 0:01:33]} Be6 {[%emt 0:04:22]} 30. Kf3 {[%emt 0:00:59]} Bd5+ {[%emt 0:01:36]} 1/2-1/2

[Event "IIFL WEALTH VI Under-13 2021"]
[Site "Mumbai"]
[Date "2022.01.02"]
[Round "4.5"]
[White "Bharadia Yash"]
[Black "Saksham Singh"]
[Result "1/2-1/2"]
[WhiteElo "1675"]
[BlackElo "1253"]
[Annotator "NA RC"]
[PlyCount "57"]
[EventDate "2021.12.30"]
[EventType "swiss"]
[EventCountry "IND"]
[SourceTitle "playchess.com"]
[Source "ChessBase"]
[SourceQuality "1"]
[TimeControl "5400+30"]

1. e4 c5 {[%emt 0:00:13]} 2. Nf3 {[%emt 0:00:20]} e6 {[%emt 0:00:35]} 3. d4 cxd4 {[%emt 0:00:07]} 4. Nxd4 {[%emt 0:00:16]} a6 {[%emt 0:00:03]} 5. Nc3 {[%emt 0:00:13]} Qc7 {[%emt 0:00:05]} 6. Bd3 {[%emt 0:00:20]} Nf6 {[%emt 0:00:06]} 7. f4 {[%emt 0:00:18]} d6 {[%emt 0:05:15]} 8. g4 {[%emt 0:03:47]} b5 {[%emt 0:15:40]} 9. g5 {[%emt 0:04:32]} Nfd7 {[%emt 0:00:53]} 10. Be3 {[%emt 0:01:29]} Bb7 {[%emt 0:00:39]} 11. Qf3 {[%emt 0:00:59]} Nc5 {[%emt 0:01:12]} 12. O-O {[%emt 0:01:25]} Nbd7 {[%emt 0:01:58]} 13. a3 {[%emt 0:01:29]} Be7 {[%emt 0:02:53]} 14. Rac1 {[%emt 0:10:27]} Nb6 {[%emt 0:03:55]} 15. b3 {[%emt 0:08:13]} Rd8 {[%emt 0:05:46]} 16. f5 {[%emt 0:13:57]} e5 {[%emt 0:08:42]} 17. f6 {[%emt 0:02:10]} gxf6 {[%emt 0:02:16]} 18. gxf6 {[%emt 0:01:02]} exd4 {[%emt 0:02:14]} 19. fxe7 {[%emt 0:00:02]} Qxe7 {[%emt 0:00:48]} 20. Bxd4 {[%emt 0:00:15]} Rg8+ {[%emt 0:00:43]} 21. Kh1 {[%emt 0:01:38]} Nbd7 {[%emt 0:00:36]} 22. Nd5 {[%emt 0:04:30]} Bxd5 {[%emt 0:02:04]} 23. exd5 {[%emt 0:00:04]} Nxd3 {[%emt 0:01:20]} 24. Qxd3 {[%emt 0:10:13]} f6 {[%emt 0:00:22]} 25. c4 {[%emt 0:00:41]} bxc4 26. bxc4 {[%emt 0:05:37]} Ne5 {[%emt 0:02:19]} 27. Qe2 {[%emt 0:02:23]} Rc8 {[%emt 0:02:26]} 28. Bc5 {[%emt 0:02:53]} dxc5 {[%emt 0:01:18]} 29. Rf5 1/2-1/2

[Event "IIFL WEALTH VI Under-13 2021"]
[Site "Mumbai"]
[Date "2022.01.05"]
[Round "7.1"]
[White "Adireddy Arjun"]
[Black "Kadam Om Manish"]
[Result "0-1"]
[WhiteElo "1658"]
[BlackElo "2114"]
[Annotator "TA"]
[PlyCount "134"]
[EventDate "2021.12.30"]
[EventType "swiss"]
[EventCountry "IND"]

{[%evp 24,134,20,18,20,14,24,20,23,30,58,63,71,54,64,57,61,45,91,91,110,65,60,80,72,36,89,81,94,84,88,94,85,91,77,95,79,64,64,64,64,64,115,64,107,64,92,0,104,104,116,20,13,20,293,49,41,-183,7,5,27,25,24,0,0,-212,-201,-204,-188,-371,-365,-361,-343,-329,-184,-215,-204,-179,-131,-360,-370,-369,-366,-315,-311,-142,-158,-188,0,0,0,0,0,-58,-58,-58,-58,-58,-58,-59,-59,-12800,-12763,-5808,-5608,-29985,-29986,-29986,-29987,-29987,-29988,-29988,-29989]} 1. e4 c5 2. Nf3 d6 3. d4 cxd4 4. Nxd4 Nf6 5. Nc3 a6 6. Be3 e5 7. Nb3 Be6 8. f3 Be7 9. Qd2 Nbd7 10. O-O-O b5 11. g4 {[%cal Bg2g4,Bg4g5][%mdl 32]} O-O 12. g5 Nh5 $1 {[%mdl 4] is now more promising than 12...b4.} 13. Nd5 Bxd5 {B90: Sicilian Najdorf: Unusual White 6th moves, 6 Be3 Ng4 and 6 Be3 e5.} 14. exd5 f5 15. gxf6 Rxf6 {The position is equal.} 16. Na5 {[#]} Qc7 $146 ({Predecessor:} 16... Qe8 17. Nc6 Nf4 18. Kb1 Bd8 19. c4 Bb6 20. cxb5 axb5 21. Bxb5 Kh8 22. a4 Bxe3 23. Qxe3 {1-0 (44) Alekseenko,K (2710)-Banikas,H (2592) Terme Catez 2021}) 17. Nc6 Bf8 18. Bg5 Rf7 19. Bh3 $1 h6 20. Bh4 (20. Be6 hxg5 21. h4 (21. Qxg5 $2 Ndf6 $19) (21. Bxf7+ $2 Kxf7 22. h4 Nf4 $19) 21... g4 22. Bxf7+ Kxf7 23. fxg4 Nf4 $17) 20... Rf4 (20... Nf4 $14 {deserves consideration.} 21. Be6 Nb6) 21. Bg4 $16 Nhf6 22. Bg3 ({Better is} 22. Be6+ $1 $16 Kh8 23. Bg3) 22... Rxg4 $14 23. fxg4 Nb6 24. Rhf1 {[%cal Of1f6]} Nbxd5 (24... Nfxd5 $14 25. Nb4 Nxb4 26. Qxb4 Be7) 25. Nb4 $16 Nxb4 26. Qxb4 Rc8 {[%csl Gc8][%cal Rc7c2]} 27. Qb3+ Qc4 28. h3 Qxb3 29. axb3 Kf7 30. Kd2 Ke6 31. Kd3 {Inhibits Ne4.} Nd5 32. c3 {To avoid Nb4+} Be7 (32... a5 $14) 33. Rde1 (33. Ra1 $16) 33... g6 (33... a5 $14) 34. Re4 (34. Ra1 $16) 34... Nf6 35. Ree1 Nd5 36. Ra1 Ra8 37. c4 (37. b4 $16) 37... Nb4+ $11 38. Kc3 d5 $2 {[%mdl 8192] [#]} (38... a5 $11 {and Black has nothing to worry.}) 39. cxd5+ $2 (39. Bxe5 $1 $18 {[%mdl 512]} dxc4 40. bxc4 $1) 39... Kxd5 $14 40. Rfd1+ $2 (40. Rad1+ $14 {stays ahead.} Ke6 41. Kd2) 40... Ke6 $2 (40... Ke4 $1 $19 {[%cal Re4e3] White must now prevent ...Ke3.} 41. Rd7 (41. Re1+ $2 Kf3 $19) 41... Rc8+ 42. Kd2 Bg5+ 43. Ke2 Rc2+ 44. Kf1 Rxb2 45. Re1+ Be3) 41. Kd2 $11 Bg5+ 42. Ke2 Nc2 43. Rab1 Nd4+ 44. Kd3 $2 (44. Kf2 $11) 44... Kd5 $1 $19 {[%mdl 1024] Black has strong compensation.} 45. Re1 Re8 46. Rbd1 $2 {[#]} (46. Bxe5 {might work better.} Rxe5 47. Rxe5+ Kxe5 48. Kc3) 46... e4+ $1 47. Kc3 Rc8+ 48. Kb4 e3 {Inhibits Bf2.} (48... Rc2 $142 49. Ka3 e3) 49. h4 Be7+ 50. Ka5 Ke4 {Strongly threatening ...Rc6.} 51. Rxd4+ $2 ({Don't play} 51. Kxa6 g5 52. Bf2 Nc2 53. Bxe3 (53. Rd7 $2 Bb4 $19) 53... Nxe3 54. hxg5 Bxg5 $17) (51. Bf2 $17 Nc2 52. Rxe3+ Nxe3 53. Bxe3 Kxe3 54. Re1+ Kf4 55. Rxe7 Kxg4 56. Re6) 51... Kxd4 $17 {[%mdl 4096] Endgame KRB-KRB} 52. Bf4 Bxh4 53. Bxe3+ Kd3 54. Rh1 Kxe3 55. Rxh4 {[#] KR-KR} Rc6 $2 (55... Rh8 $1 $19 {Threatens to win with ...Kf4.} 56. g5 h5 57. Kxa6 Rb8) 56. Rxh6 $11 Kf4 57. b4 Kg5 58. Rh3 (58. Rh8 $11) 58... Kxg4 $15 59. Rd3 Rf6 {And now ...g5 would win.} 60. b3 {[%cal Od3g3]} Rf5 $1 {Hoping for ...g5.} 61. Kxa6 g5 {( -> ...Kh4)} 62. Rc3 $2 {[%mdl 8192]} (62. Rd1 $15) 62... Kf4 $19 63. Rc5 g4 64. Rxb5 Rxb5 {Black mates.} 65. Kxb5 g3 66. Ka6 g2 67. b5 g1=Q {Weighted Error Value: White=0.44/Black=0.26 (precise)} 0-1

[Event "IIFL WEALTH VI Under-13 2021"]
[Site "Mumbai"]
[Date "2022.01.05"]
[Round "7.2"]
[White "Bagwe Gaurang"]
[Black "Iyer Arvind"]
[Result "1-0"]
[WhiteElo "1850"]
[BlackElo "1662"]
[Annotator "NA RC"]
[PlyCount "82"]
[EventDate "2021.12.30"]
[EventType "swiss"]
[EventCountry "IND"]
[TimeControl "5400+30"]

1. e4 e5 {[%emt 0:10:07]} 2. Nf3 {[%emt 0:00:08]} Nc6 {[%emt 0:00:10]} 3. Bb5 {[%emt 0:00:09]} a6 {[%emt 0:01:38]} 4. Ba4 {[%emt 0:00:01]} Nf6 {[%emt 0:00:38]} 5. d3 {[%emt 0:00:06]} b5 {[%emt 0:00:48]} 6. Bb3 {[%emt 0:00:01]} Be7 {[%emt 0:01:17]} 7. c3 {[%emt 0:00:08]} d6 {[%emt 0:05:30]} 8. Nbd2 {[%emt 0:00:08]} Na5 {[%emt 0:02:50]} 9. Bc2 {[%emt 0:00:13]} c5 {[%emt 0:00:13]} 10. Nf1 {[%emt 0:00:02]} O-O {[%emt 0:00:54]} 11. Ng3 {[%emt 0:00:24]} Qc7 {[%emt 0:01:16]} 12. O-O {[%emt 0:00:16]} Bd7 {[%emt 0:03:30]} 13. Qe2 Rad8 {[%emt 0:03:42]} 14. Bd2 {[%emt 0:09:33]} Rfe8 {[%emt 0:03:43]} 15. Rae1 {[%emt 0:01:13]} h6 {[%emt 0:02:10]} 16. Nh4 {[%emt 0:01:20]} Be6 {[%emt 0:16:00]} 17. Nhf5 {[%emt 0:03:38]} d5 {[%emt 0:07:38]} 18. exd5 Rxd5 {[%emt 0:08:50]} 19. f4 {[%emt 0:15:31]} Bxf5 {[%emt 0:01:12]} 20. Nxf5 {[%emt 0:00:03]} Bf8 {[%emt 0:01:24]} 21. Qf2 {[%emt 0:05:28]} Nc6 {[%emt 0:12:27]} 22. fxe5 {[%emt 0:01:39]} Nxe5 {[%emt 0:01:36]} 23. Nxh6+ {[%emt 0:00:23]} gxh6 {[%emt 0:00:26]} 24. Qxf6 {[%emt 0:00:16]} Re6 {[%emt 0:00:43]} 25. Qf5 {[%emt 0:03:30]} Rg6 {[%emt 0:01:04]} 26. Qe4 {[%emt 0:01:05]} Ng4 {[%emt 0:03:27]} 27. Bf4 {[%emt 0:00:22]} Qd7 {[%emt 0:00:21]} 28. Bg3 {[%emt 0:06:48]} Nf6 {[%emt 0:00:29]} 29. Qf3 {[%emt 0:00:11]} Nh5 {[%emt 0:01:42]} 30. d4 {[%emt 0:01:59]} Rxg3 {[%emt 0:03:49]} 31. hxg3 {[%emt 0:00:16]} Rg5 {[%emt 0:00:01]} 32. Re5 {[%emt 0:01:20]} Ng7 {[%emt 0:01:11]} 33. Rxg5 {[%emt 0:00:54]} hxg5 {[%emt 0:00:01]} 34. g4 {[%emt 0:00:16]} cxd4 {[%emt 0:01:21]} 35. Qd3 {[%emt 0:00:20]} Bc5 {[%emt 0:00:54]} 36. Qh7+ {[%emt 0:00:37]} Kf8 {[%emt 0:00:04]} 37. Qh8+ {[%emt 0:00:13]} Ke7 {[%emt 0:00:01]} 38. Qxg7 {[%emt 0:00:19]} d3+ {[%emt 0:00:06]} 39. Kh1 {[%emt 0:00:05]} dxc2 {[%emt 0:00:47]} 40. Rxf7+ {[%emt 0:00:07]} Ke6 {[%emt 0:00:03]} 41. Qf6+ {[%emt 0:00:14]} Kd5 1-0

[Event "IIFL WEALTH VI Under-13 2021"]
[Site "Mumbai"]
[Date "2022.01.05"]
[Round "7.3"]
[White "Jaiveer Mahendru"]
[Black "Ajay Santhosh Parvathareddy"]
[Result "1-0"]
[WhiteElo "1721"]
[BlackElo "1512"]
[Annotator "NA RC"]
[PlyCount "87"]
[EventDate "2021.12.30"]
[EventType "swiss"]
[EventCountry "IND"]
[TimeControl "5400+30"]

1. e4 {[%emt 0:00:03]} c5 {[%emt 0:00:07]} 2. Nf3 {[%emt 0:00:03]} d6 {[%emt 0:00:06]} 3. d4 {[%emt 0:00:03]} cxd4 {[%emt 0:00:07]} 4. Nxd4 {[%emt 0:00:04]} Nf6 {[%emt 0:00:06]} 5. Nc3 {[%emt 0:00:03]} a6 {[%emt 0:00:05]} 6. Be3 {[%emt 0:00:03]} e5 {[%emt 0:00:05]} 7. Nb3 {[%emt 0:00:03]} Be6 {[%emt 0:00:12]} 8. f3 {[%emt 0:00:04]} Be7 {[%emt 0:00:07]} 9. Qd2 {[%emt 0:00:03]} h5 {[%emt 0:00:12]} 10. O-O-O {[%emt 0:00:13]} Nbd7 {[%emt 0:00:07]} 11. Nd5 {[%emt 0:01:52]} Nxd5 {[%emt 0:00:07]} 12. exd5 {[%emt 0:00:05]} Bf5 {[%emt 0:00:06]} 13. Bd3 {[%emt 0:03:17]} Bxd3 {[%emt 0:00:09]} 14. Qxd3 {[%emt 0:00:23]} Bg5 {[%emt 0:00:13]} 15. g3 Bxe3+ {[%emt 0:01:51]} 16. Qxe3 {[%emt 0:01:38]} Rc8 {[%emt 0:00:22]} 17. Rd2 {[%emt 0:03:56]} Nb6 {[%emt 0:03:01]} 18. Qe2 {[%emt 0:04:28]} Nc4 {[%emt 0:03:21]} 19. Rd3 {[%emt 0:00:15]} b5 {[%emt 0:00:24]} 20. f4 {[%emt 0:00:20]} Kf8 {[%emt 0:01:13]} 21. Rf1 {[%emt 0:01:02]} b4 {[%emt 0:10:21]} 22. fxe5 {[%emt 0:03:45]} Nxe5 {[%emt 0:01:00]} 23. Re3 {[%emt 0:02:21]} Qc7 {[%emt 0:03:32]} 24. Nd4 {[%emt 0:02:28]} Qc4 {[%emt 0:03:39]} 25. Qxc4 {[%emt 0:06:00]} Nxc4 {[%emt 0:01:13]} 26. Re4 {[%emt 0:02:31]} Ne5 {[%emt 0:01:14]} 27. Nf5 {[%emt 0:00:53]} Rc5 {[%emt 0:03:37]} 28. Nxd6 {[%emt 0:01:34]} Rxd5 {[%emt 0:00:13]} 29. Rxb4 {[%emt 0:02:47]} Nc6 {[%emt 0:00:17]} 30. Nxf7 {[%emt 0:00:34]} Nxb4 {[%emt 0:00:18]} 31. Nxh8+ {[%emt 0:00:06]} Ke8 {[%emt 0:02:08]} 32. a3 {[%emt 0:00:21]} Nc6 {[%emt 0:00:05]} 33. Ng6 {[%emt 0:00:04]} Nd4 {[%emt 0:00:24]} 34. c3 {[%emt 0:01:10]} Nb3+ {[%emt 0:00:33]} 35. Kc2 {[%emt 0:00:06]} Nc5 {[%emt 0:00:06]} 36. Rf8+ {[%emt 0:00:21]} Kd7 {[%emt 0:00:07]} 37. Rf7+ {[%emt 0:00:34]} Ke6 {[%emt 0:00:06]} 38. Rc7 {[%emt 0:00:38]} Rg5 {[%emt 0:01:03]} 39. Nf4+ {[%emt 0:00:34]} Kd6 {[%emt 0:00:06]} 40. Ra7 {[%emt 0:00:25]} Kc6 {[%emt 0:00:13]} 41. b4 {[%emt 0:00:14]} Kb6 {[%emt 0:00:04]} 42. Re7 {[%emt 0:00:07]} Nb7 {[%emt 0:00:14]} 43. c4 {[%emt 0:00:33]} a5 {[%emt 0:00:10]} 44. c5+ {[%emt 0:00:20]} 1-0

[Event "IIFL WEALTH VI Under-13 2021"]
[Site "Mumbai"]
[Date "2022.01.05"]
[Round "7.4"]
[White "Raghu Ram Reddy Seelam"]
[Black "Kajrolkar Dakshil"]
[Result "1/2-1/2"]
[WhiteElo "1712"]
[BlackElo "1357"]
[Annotator "NA RC"]
[PlyCount "81"]
[EventDate "2021.12.30"]
[EventType "swiss"]
[EventCountry "IND"]
[TimeControl "5400+30"]

1. e4 {[%emt 0:00:10]} g6 {[%emt 0:00:24]} 2. d4 {[%emt 0:00:47]} Bg7 {[%emt 0:00:55]} 3. Nc3 {[%emt 0:00:27]} c5 {[%emt 0:00:46]} 4. dxc5 {[%emt 0:01:50]} Qa5 {[%emt 0:00:48]} 5. Bd2 {[%emt 0:02:40]} Qxc5 {[%emt 0:01:21]} 6. Nf3 {[%emt 0:00:46]} Qc7 {[%emt 0:02:26]} 7. Bd3 {[%emt 0:01:41]} Nc6 {[%emt 0:00:37]} 8. O-O {[%emt 0:05:48]} d6 {[%emt 0:04:33]} 9. h3 {[%emt 0:01:58]} Nf6 {[%emt 0:02:57]} 10. Re1 {[%emt 0:11:28]} O-O {[%emt 0:07:07]} 11. Qc1 {[%emt 0:01:18]} Bd7 {[%emt 0:03:07]} 12. Bh6 {[%emt 0:01:37]} Rac8 {[%emt 0:03:35]} 13. Bxg7 {[%emt 0:04:08]} Kxg7 {[%emt 0:00:52]} 14. a3 {[%emt 0:05:57]} a6 {[%emt 0:05:17]} 15. Qf4 {[%emt 0:05:38]} e6 {[%emt 0:11:50]} 16. Rad1 {[%emt 0:02:34]} d5 {[%emt 0:08:14]} 17. Qh4 {[%emt 0:08:25]} d4 {[%emt 0:01:54]} 18. e5 {[%emt 0:12:04]} Nxe5 {[%emt 0:05:58]} 19. Nxd4 {[%emt 0:01:32]} Nxd3 {[%emt 0:00:49]} 20. Rxd3 {[%emt 0:00:40]} e5 {[%emt 0:02:23]} 21. Qxf6+ {[%emt 0:00:26]} Kxf6 {[%emt 0:00:47]} 22. Nd5+ {[%emt 0:00:06]} Kg7 {[%emt 0:00:23]} 23. Nxc7 {[%emt 0:00:05]} exd4 {[%emt 0:01:19]} 24. Nd5 {[%emt 0:00:42]} Rxc2 {[%emt 0:01:31]} 25. Rxd4 {[%emt 0:01:43]} Be6 {[%emt 0:01:10]} 26. Nf4 {[%emt 0:04:04]} Rxb2 {[%emt 0:00:48]} 27. Rxe6 {[%emt 0:00:30]} fxe6 {[%emt 0:01:03]} 28. Nxe6+ {[%emt 0:00:02]} Kg8 {[%emt 0:00:53]} 29. Nxf8 {[%emt 0:00:04]} Kxf8 {[%emt 0:00:11]} 30. Rd7 {[%emt 0:00:31]} Kg8 {[%emt 0:00:33]} 31. a4 {[%emt 0:02:08]} Rb4 {[%emt 0:01:26]} 32. a5 {[%emt 0:00:56]} Rb5 {[%emt 0:00:15]} 33. Kh2 {[%emt 0:00:22]} Rxa5 {[%emt 0:00:14]} 34. Rxb7 {[%emt 0:00:06]} Ra2 {[%emt 0:00:07]} 35. Ra7 {[%emt 0:03:10]} Rxf2 {[%emt 0:00:13]} 36. Rxa6 {[%emt 0:00:04]} Kg7 {[%emt 0:00:07]} 37. Kg3 {[%emt 0:00:03]} Rb2 {[%emt 0:00:16]} 38. h4 {[%emt 0:00:40]} h5 {[%emt 0:03:20]} 39. Kh3 {[%emt 0:00:15]} Rb3+ {[%emt 0:00:19]} 40. g3 {[%emt 0:00:03]} Rb2 {[%emt 0:00:08]} 41. Ra7+ {[%emt 0:00:06]} 1/2-1/2

[Event "IIFL WEALTH VI Under-13 2021"]
[Site "Mumbai"]
[Date "2022.01.05"]
[Round "7.5"]
[White "Daksh Goyal"]
[Black "Bharadia Yash"]
[Result "1/2-1/2"]
[WhiteElo "1352"]
[BlackElo "1675"]
[Annotator "NA RC"]
[PlyCount "114"]
[EventDate "2021.12.30"]
[EventType "swiss"]
[EventCountry "IND"]
[TimeControl "5400+30"]

1. c4 {[%emt 0:02:09]} e5 {[%emt 0:00:04]} 2. Nc3 {[%emt 0:00:05]} Nf6 {[%emt 0:00:36]} 3. Nf3 {[%emt 0:00:09]} Nc6 {[%emt 0:00:14]} 4. e3 {[%emt 0:00:06]} Bb4 {[%emt 0:00:19]} 5. Qc2 {[%emt 0:00:19]} Bxc3 {[%emt 0:00:05]} 6. Qxc3 {[%emt 0:02:17]} Qe7 {[%emt 0:02:44]} 7. b3 {[%emt 0:00:30]} d5 {[%emt 0:00:30]} 8. d4 {[%emt 0:15:26]} exd4 {[%emt 0:16:31]} 9. Nxd4 {[%emt 0:00:55]} Nxd4 {[%emt 0:05:18]} 10. Qxd4 {[%emt 0:00:03]} O-O {[%emt 0:01:59]} 11. Bb2 {[%emt 0:11:54]} Bg4 {[%emt 0:20:34]} 12. h3 {[%emt 0:13:17]} Be6 {[%emt 0:14:08]} 13. c5 {[%emt 0:06:20]} Ne8 {[%emt 0:03:21]} 14. Bd3 {[%emt 0:11:04]} c6 {[%emt 0:01:46]} 15. g3 {[%emt 0:07:10]} f6 {[%emt 0:00:30]} 16. Kd2 {[%emt 0:05:13]} Nc7 {[%emt 0:06:10]} 17. Rac1 Bf7 {[%emt 0:02:25]} 18. Qg4 {[%emt 0:09:24]} Ne6 {[%emt 0:07:26]} 19. Bd4 {[%emt 0:07:43]} Ng5 {[%emt 0:11:19]} 20. f3 {[%emt 0:01:55]} Be6 {[%emt 0:01:09]} 21. Qf4 {[%emt 0:00:57]} Bd7 {[%emt 0:01:33]} 22. Bb2 {[%emt 0:03:24]} Rae8 {[%emt 0:00:27]} 23. h4 {[%emt 0:00:43]} Ne6 {[%emt 0:00:36]} 24. Qd6 {[%emt 0:00:30]} Qf7 {[%emt 0:00:26]} 25. g4 {[%emt 0:00:23]} Bc8 {[%emt 0:00:41]} 26. Qg3 {[%emt 0:00:39]} Qe7 {[%emt 0:00:33]} 27. Qd6 {[%emt 0:00:43]} Qxd6 {[%emt 0:00:52]} 28. cxd6 {[%emt 0:00:01]} Nd8 {[%emt 0:00:22]} 29. b4 {[%emt 0:01:02]} Bd7 {[%emt 0:01:02]} 30. a4 Nf7 {[%emt 0:00:11]} 31. Bd4 {[%emt 0:00:52]} b6 {[%emt 0:00:27]} 32. e4 {[%emt 0:00:32]} Nxd6 {[%emt 0:01:20]} 33. exd5 {[%emt 0:00:22]} Rc8 {[%emt 0:00:17]} 34. dxc6 Bxc6 {[%emt 0:00:08]} 35. b5 {[%emt 0:01:21]} Bxf3 {[%emt 0:00:10]} 36. Rxc8 {[%emt 0:00:30]} Rxc8 {[%emt 0:00:18]} 37. Rg1 {[%emt 0:00:30]} Kf7 {[%emt 0:01:19]} 38. g5 {[%emt 0:00:18]} f5 {[%emt 0:00:14]} 39. Ke3 {[%emt 0:00:40]} Be4 {[%emt 0:01:02]} 40. Be2 {[%emt 0:00:22]} g6 {[%emt 0:00:29]} 41. Rd1 Re8 {[%emt 0:00:24]} 42. Kf4 {[%emt 0:01:10]} Bc2 {[%emt 0:00:32]} 43. Rd2 {[%emt 0:00:18]} Bxa4 {[%emt 0:00:08]} 44. Be5 Nc8 {[%emt 0:01:17]} 45. Bc4+ {[%emt 0:01:01]} Kf8 {[%emt 0:00:13]} 46. Rd7 {[%emt 0:00:29]} Re7 {[%emt 0:00:08]} 47. Rd8+ Re8 {[%emt 0:00:01]} 48. Rd7 {[%emt 0:00:13]} Re7 {[%emt 0:00:14]} 49. Rd8+ Re8 {[%emt 0:00:11]} 50. Rd7 {[%emt 0:00:11]} Re7 {[%emt 0:00:44]} 51. Rd8+ Re8 52. Bg7+ Ke7 53. Bf6+ Kf8 54. Rd7 Ne7 55. Rxa7 Bc2 56. Rb7 Be4 57. Rxb6 Nd5+ 1/2-1/2

[Event "IIFL WEALTH VI Under-13 2021"]
[Site "Mumbai"]
[Date "2022.01.06"]
[Round "8.1"]
[White "Kadam Om Manish"]
[Black "Raghu Ram Reddy Seelam"]
[Result "1-0"]
[WhiteElo "2114"]
[BlackElo "1712"]
[Annotator "TA"]
[PlyCount "105"]
[EventDate "2021.12.30"]
[EventType "swiss"]
[EventCountry "IND"]
[SourceTitle "playchess.com"]
[Source "ChessBase"]
[SourceQuality "1"]

{[%evp 14,105,13,4,22,14,33,-20,23,-14,16,7,24,10,25,2,49,35,39,42,40,40,71,47,66,31,35,19,74,67,68,81,164,165,169,143,158,154,164,80,102,100,122,114,154,137,188,145,183,182,188,176,181,170,279,200,203,196,185,178,222,183,223,210,341,216,255,252,300,293,378,386,398,183,185,0,385,402,539,489,625,601,707,632,1280,1229,1182,1204,1201,1197,1209,962,3029,2594]} 1. e4 e5 2. Nf3 Nc6 3. Bc4 Bc5 4. c3 Nf6 5. d3 a6 6. Nbd2 {[%cal Bb1d2,Bd2f1,Bf1g3][%mdl 32]} d6 7. Bb3 Ba7 8. Nf1 Be6 {C54: Giuoco Piano: 4 c3 Nf6, main lines with 5 d4 and 5 d3.} 9. Ng3 Qd7 10. Bc2 (10. O-O $14) 10... h6 {[#]} (10... h5 $142) 11. Be3 $146 (11. O-O {is interesting.} O-O 12. Re1 Rad8 13. d4 exd4 14. Nxd4 Ne5 15. b3) ({Predecessor:} 11. a4 Ne7 12. O-O O-O 13. d4 Ng6 14. Nf5 Nh7 15. d5 Bxf5 16. exf5 Ne7 17. Qd3 {0-1 (42) Vazquez Espino,U (1983)-Villegas,P (2364) Chess.com INT 2020}) 11... O-O-O 12. Bxa7 Nxa7 13. Ba4 c6 14. O-O Qc7 (14... h5 $11) 15. d4 exd4 16. cxd4 {[%cal Od4d5,Bc3d4,Bd4e5,Be5e6][%mdl 32]} d5 17. e5 Nd7 18. b4 f6 19. Re1 fxe5 20. dxe5 g5 (20... Rde8 $11 {keeps the balance.}) 21. Bc2 $16 Kb8 22. Nd4 Rde8 (22... Rhe8 $16) 23. Nxe6 $18 Rxe6 {[#]} 24. Bf5 $1 $36 {[%mdl 2048] White is on the roll.} Re7 (24... Rxe5 $2 25. Bxd7 Rxe1+ 26. Qxe1) 25. e6 {White is more active.} Nb6 26. Bh3 (26. Bg6 $18 {is more deadly.}) 26... Rhe8 27. Qh5 Nb5 28. Qxh6 Nd4 29. Qxg5 Nxe6 (29... Nc2 $16) 30. Bxe6 (30. Rxe6 $18 Rxe6 31. Bxe6 Rxe6 32. h4) 30... Rxe6 31. Rxe6 Rxe6 32. h4 {[%cal Bh2h4,Bh4h5][%mdl 32]} Nc4 33. h5 Ne5 (33... Nd6 $142 34. Rd1 Qh7) 34. Qg8+ Qc8 35. Qg7 Qe8 36. Rf1 {[%cal Ba1f1,Bf1e1,Be1e6][%mdl 32]} Ka8 (36... d4 $142 37. Qg5 d3) 37. f4 Nd7 38. f5 Rf6 (38... Re7 {was called for.} 39. Qg5 Rf7) 39. Qg5 Qf8 40. Qf4 Qg7 41. Re1 {aiming for Re8+.} Rf8 {Prevents Re8+.} 42. h6 Qh7 43. Qd6 (43. Re6 $142) 43... Qh8 {[#]} 44. Qf4 {Prevents Qd4+.} ({And not} 44. Qxd7 Qd4+ 45. Kf1 Qf4+ 46. Ke2 (46. Kg1 Qd4+ 47. Kh2 Qh4+ 48. Kg1 Qd4+ $11) 46... Qxg3 $11) ({White should try} 44. Re2 $1 $18) 44... Nf6 {[%mdl 8192]} (44... Qh7 $1 $11 {and Black stays safe.} 45. Qg5 Qh8) 45. Re6 d4 46. Ne4 {White is clearly winning.} Nd5 47. Qe5 Qg8 48. Qg7 {Inhibits Qg4.} Nf4 49. Qxg8 Rxg8 50. h7 Rh8 51. Rh6 d3 52. f6 {[%cal Bf5f6,Bf6f7][%mdl 32] And now f7 would win.} Nd5 53. f7 {Weighted Error Value: White=0.29 (precise) /Black=0.52} 1-0